Flags of the Countries that Start with U - Statistics

General Stats
  • This quiz has been taken 10,009 times
  • The average score is 7 of 7
Answer Stats
Picture Answer % Correct
United Kingdom
100%
United States
100%
Ukraine
99%
Uruguay
98%
Uganda
96%
Uzbekistan
94%
United Arab Emirates
92%
No matching quizzes found
Score Distribution
Percent of People with Each Score
Percentile by Number Answered
Your Score History
You have not taken this quiz